00914nam a22002417a 4500001000500000005001700005020001800022040002900040050001200069082001000081100001900091245007700110260003400187300002200221505000600243520031800249521001600567521001600583650001100599650001400610650002000624700002800644206920231103101119.0 a9780439351089 aFISKHbengcFISKHdFISKH aF204.W5 a975.3 aWirth, Crystal aAt 1600 pennsylvania avenue /cby Crystal Wirth illustrated by Jared Lee aNew York :bScholastic,c2002 a16 pages :c21 cm aK aThis book is filled with facts about the White House and some of its most colorful inhabitants, including animals. Special rooms, special days, and very special parties are also described. Amusing illustrations and anecdotes about past occupants recount the remarkable history of the White House for young readers a590bLexile aKbRaz-Plus aAmerca aPresident aThe White House aLee, JaredeIllustrator